Fundamentals of real estate investment

Αποθηκεύτηκε σε:
Λεπτομέρειες βιβλιογραφικής εγγραφής
Κύριος συγγραφέας: Jaffe, Austin J.
Άλλοι συγγραφείς: Sirmans, C. F.
Μορφή: Βιβλίο
Γλώσσα:English
Δημοσίευση: New Jersey : Prentice-Hall, c1995
Έκδοση:3rd ed.
Θέματα:
Ετικέτες: Προσθήκη ετικέτας
Δεν υπάρχουν, Καταχωρήστε ετικέτα πρώτοι!

MARC

LEADER 00000nam a2200000 i 4500
001 1/99336
008 000127s1995 eng d
020 |a 0-13-288358-9 
035 |l 10056844 
040 |a GR-MY-UA  |b gre  |e aacr 
041 0 |a eng 
082 0 |a 332.6324 
100 1 |a Jaffe, Austin J. 
245 1 0 |a Fundamentals of real estate investment /  |c Austin Jaffe, C. F. Sirmans 
250 |a 3rd ed. 
260 |a New Jersey :   |b Prentice-Hall,   |c c1995 
300 |a x, 518 σ.;  |b εικ.;  |c 24 εκ. 
504 |a Περιέχει βιβλιογραφικές παραπομπές και ευρετήριο 
650 0 0 |a Real estate investment. 
700 1 |a Sirmans, C. F. 
852 |a INST  |b LESVOS  |e 20000127  |h 332.6324 JAF  |p 005100021990  |q 005100021990  |t BK  |y 0 
901 |a BIBL1-2000-1 
909 |a Λ  |b 070406 
922 |a 1ΕΛΗ  |b 199911  |c ΚΠΣ/ΤΓ  |d LEADER 
950 |a 118-1999-09-03 
970 |a ΤΖΑΦΕΡΗ  |b ΕΥΑΓΓΕΛΙΑ  |z 2000/02/01